[Event "Tourn. n8924"]
[Site "www.chess-mail.com"]
[Date "2016.09.16"]
[Round "1"]
[White "Cal"]
[Black "Attatroll"]
[WhiteElo "1700"]
[BlackElo "1870"]
[Result "0-1"]
[Round "1"]
1.Nb1c3 e5
2.e4 Nb8c6
3.Ng1f3 d6
4.a3 Ng8f6
5.h3 Bc8e6
6.b4 Bf8e7
7.d3 O-O
8.Bc1g5 h6
9.Bg5xf6 Be7xf6
10.Bf1e2 a5
11.b5 Nc6e7
12.O-O Ne7g6
13.Qd1d2 d5
14.Ra1d1 d4
15.Nc3a4 Ng6f4
16.Na4c5 Be6c8
17.a4 Nf4xe2
18.Qd2xe2 Qd8d6
19.Nc5b3 Bc8e6
20.Nb3d2 c6
21.c4 dxc3
22.Nd2b1 Qd6b4
23.Nf3e1 cxb5
24.axb5 Be6b3
25.Rd1c1 Ra8c8
26.d4 exd4
27.Ne1f3 Rf8d8
28.e5 d3
29.Qe2e1 d2
30.Qe1e3 dxc1Q
31.Rf1xc1 Bf6e7
32.b6 Rd8d1
33.Rc1xd1 Bb3xd1
34.Nf3d4 Qb4xb1
35.Kh2 c2
36.Nd4xc2 Qb1xc2
37.f4 Qc2e2
38.Qe3g3 Rc8c2
39.f5 Qe2xg2
40.Qg3xg2 Rc2xg2
41.Kxg2 a4
{ resign }
0-1

[Event "Match"]
[Site "www.echecsemail.com"]
[Date "2016.09.16"]
[Round "1"]
[White "Coraza"]
[Black "Billyg"]
[WhiteElo "1790"]
[BlackElo "1560"]
[Result "1/2-1/2"]
[Round "1"]
1.Ng1f3 d6
2.e4 e5
3.Bf1c4 Ng8f6
4.Nf3g5 Bc8e6
5.Bc4xe6 fxe6
6.Nb1c3 d5
7.d3 h6
8.Ng5xe6 Qd8e7
9.Ne6xf8 Rh8xf8
10.O-O Nb8c6
11.a4 O-O-O
12.Nc3b5 a6
13.Nb5c3 dxe4
14.Bc1d2 exd3
15.cxd3 Nc6b4
16.Nc3e4 Rd8xd3
17.Bd2xb4 Rd3xd1
18.Bb4xe7 Rd1xf1
19.Ra1xf1 Rf8f7
20.Be7xf6 gxf6
21.Rf1d1 f5
22.Ne4c3 c6
23.b4 f4
24.f3 Rf7c7
25.Rd1d6 Rc7h7
26.Rd6e6 c5
27.bxc5 Kd7
28.Re6xe5 Kc7
29.Nc3d5 Kc6
30.Nd5b4 Kc7
31.Nb4d5 Kc6
32.Nd5b4 Kc7
33.Nb4d5 Kb8
34.Nd5xf4 Rh7f7

1/2-1/2

[Event "1/64 Finale"]
[Site "www.chess-mail.com"]
[Date "2016.09.16"]
[Round "1"]
[White "Fieldfast"]
[Black "Amaya"]
[WhiteElo "1729"]
[BlackElo "2040"]
[Result "1-0"]
[Round "1"]
1.c4 Ng8f6
2.Nb1c3 g6
3.g3 Bf8g7
4.Bf1g2 O-O
5.Ng1f3 d6
6.O-O e5
7.d3 Bc8g4
8.h3 Bg4d7
9.Ra1b1 Nb8c6
10.Bc1d2 Qd8c8
11.Kh2 Rf8e8
12.b4 a6
13.a4 h5
14.Bd2e3 Bd7f5
15.Nf3d2 Ra8b8
16.b5 Nc6d4
17.Nd2b3 axb5
18.axb5 b6
19.Nc3d5 Nf6xd5
20.cxd5 Nd4xb5
21.Rb1c1 e4
22.dxe4 Bf5xe4
23.Bg2xe4 Re8xe4
24.Qd1c2 Re4e5
25.Be3f4 Re5xd5
26.e4 Rd5c5
27.Nb3xc5 dxc5
28.Bf4e3 Bg7d4
29.Qc2b3 Qc8e8
30.Rf1e1 Bd4xe3
31.Re1xe3 Nb5d4
32.Qb3c4 Rb8d8
33.f4 Nd4f5
34.Re3e2 Rd8d4
35.exf5 { resign }
1-0

[Event "1/64 Finale"]
[Site "www.chess-mail.com"]
[Date "2016.09.16"]
[Round "1"]
[White "Awfen"]
[Black "Guidom"]
[WhiteElo "2040"]
[BlackElo "2040"]
[Result "0-1"]
[Round "1"]
1.e4 e5
2.Ng1f3 Nb8c6
3.Bf1c4 d6
4.O-O Bf8e7
5.d4 exd4
6.Nf3xd4 Nc6e5
7.Bc4b3 a6
8.Nb1c3 c5
9.Nd4f5 c4
10.Nf5xg7 Kf8
11.Ng7f5 cxb3
12.axb3 Bc8xf5
13.exf5 Ng8f6
14.Bc1h6 Ke8
15.Qd1d4 Rh8g8
16.Nc3a4 Ne5f3
{ resign }
0-1

[Event "Eq:Equipo Juan Diaz-Team USA : "]
[Site "www.chess-mail.com"]
[Date "2016.09.16"]
[Round "1"]
[White "Yomismista"]
[Black "Uji40"]
[WhiteElo "2670"]
[BlackElo "1970"]
[Result "0-1"]
[Round "1"]
1.d4 Ng8f6
2.c4 g6
3.Nb1c3 d5
4.cxd5 Nf6xd5
5.e4 Nd5xc3
6.bxc3 Bf8g7
7.Bc1g5 c5
8.Ra1c1 b6
9.Ng1f3 O-O
10.Bf1e2 { time. }
0-1

[Event "Eq:Equipo Juan Diaz-Team USA : "]
[Site "www.chess-mail.com"]
[Date "2016.09.16"]
[Round "1"]
[White "Uji40"]
[Black "Yomismista"]
[WhiteElo "1970"]
[BlackElo "2670"]
[Result "0-1"]
[Round "1"]
1.e4 c5
2.Ng1f3 d6
3.d4 cxd4
4.Nf3xd4 Ng8f6
5.Nb1c3 e6
6.Bf1e2 a6
7.O-O Bf8e7
8.f4 Qd8c7
9.h3 O-O
10.Nd4f3 Nb8c6
{ resign }
0-1

[Event "Fast Game"]
[Site "www.echecsemail.com"]
[Date "2016.09.16"]
[Round "1"]
[White "Romaamor69"]
[Black "Sachpat"]
[WhiteElo "1939"]
[BlackElo "1929"]
[Result "0-1"]
[Round "1"]
1.c4 Ng8f6
2.g3 g6
3.Bf1g2 c5
4.Nb1c3 Nb8c6
5.Ng1f3 Bf8g7
6.O-O O-O
7.a3 d5
8.cxd5 Nf6xd5
9.Nc3xd5 Qd8xd5
10.d3 Qd5d6
11.Bc1f4 e5
12.Bf4e3 Bc8d7
13.Qd1d2 b6
14.Rf1c1 Ra8c8
15.Be3h6 Rf8d8
16.Bh6xg7 Kxg7
17.Ra1b1 a5
18.Qd2e3 f6
19.b3 Bd7g4
20.h3 Bg4xf3
21.Bg2xf3 Nc6d4
22.Bf3b7 Rc8c7
23.Bb7g2 Qd6e6
24.Rc1c4 b5
25.Rc4c3 b4
26.axb4 axb4
27.Rc3c4 Qe6a6
28.Rb1b2 Qa6a3
29.Qe3c1 Nd4xb3
30.Qc1c2 Nb3d4
31.Qc2c1 Rd8c8
32.Bg2d5 Nd4b5
33.Qc1d2 Nb5c3
34.Bd5g2 Qa3a5
35.Kh2 Rc8d8
36.Qd2c2 Rd8d4
 { time }
0-1

[Event "Fast Game"]
[Site "www.echecsemail.com"]
[Date "2016.09.16"]
[Round "1"]
[White "4m6az"]
[Black "Attatroll"]
[WhiteElo "1849"]
[BlackElo "1870"]
[Result "0-1"]
[Round "1"]
1.e4 d6
2.d4 Ng8f6
3.Bf1d3 g6
4.Bc1e3 Bf8g7
5.f3 O-O
6.c3 e5
7.dxe5 dxe5
8.Nb1a3 a6
9.Na3c4 Nb8c6
10.Be3c5 Rf8e8
11.Qd1c2 b5
12.Nc4e3 Bc8b7
13.h3 Bg7h6
14.Ne3g4 Bh6f4
15.Ng1e2 Nf6xg4
16.hxg4 Nc6a5
17.g3 Bf4g5
18.Ra1d1 Qd8f6
19.Ne2g1 Ra8d8
20.Ke2 Na5c4
21.Bd3xc4 Rd8xd1
22.Kxd1 Re8d8
23.Ke1 Bg5d2
24.Kf1 Bd2g5
25.Bc4e2 Rd8d2
26.Qc2b1 Qf6d8
27.b4 Bg5e7
28.Bc5e3 Rd2d7
29.Rh1h6 Be7g5
30.Be3xg5 Qd8xg5
31.Rh6h2 Qg5e3
32.Qb1a1 Rd7d2
33.a4 Rd2c2
34.Qa1a3 Rc2c1
35.Kg2 Rc1xg1
36.Kh3 Qe3h6

0-1

[Event "Fast Game"]
[Site "www.echecsemail.com"]
[Date "2016.09.16"]
[Round "1"]
[White "Hennie4820"]
[Black "Pellix84"]
[WhiteElo "1700"]
[BlackElo "1620"]
[Result "1-0"]
[Round "1"]
1.e4 c6
2.d4 d5
3.Nb1d2 dxe4
4.Nd2xe4 Bc8f5
5.Ne4g3 Ng8f6
6.Ng3xf5 Qd8a5
7.Bc1d2 Qa5xf5
8.Ng1f3 e6
9.Bf1d3 Qf5h5
10.O-O Bf8d6
11.h3 O-O
12.c4 Nb8d7
13.Qd1c2 a6
14.c5 Bd6c7
15.Ra1e1 Ra8d8
16.Bd3e2 Qh5d5
17.Be2c4 Qd5h5
18.Bc4e2 Qh5d5
19.Be2c4 Qd5h5
20.a3 Nf6d5
21.Bd2g5 Rd8e8
22.Bc4e2 Nd5f4
23.Bg5xf4 Bc7xf4
24.Nf3e5 Qh5f5
25.Qc2xf5 exf5
26.Ne5xd7 { resign }
1-0

[Event "Tourn. n8854"]
[Site "www.chess-mail.com"]
[Date "2016.09.17"]
[Round "1"]
[White "Comrade"]
[Black "B0zata"]
[WhiteElo "2150"]
[BlackElo "2260"]
[Result "0-1"]
[Round "1"]
1.c4 Nb8c6
2.Nb1c3 e5
3.g3 Ng8f6
4.Bf1g2 Bf8b4
5.Nc3d5 Bb4c5
6.e3 d6
7.a3 Bc8e6
8.Ng1e2 a5
9.Ne2c3 O-O
10.Nc3b5 Be6xd5
11.cxd5 Nc6e7
12.d4 exd4
13.exd4 Bc5b6
14.Nb5c3 Ne7f5
15.Bc1e3 Rf8e8
16.O-O Nf5xe3
17.fxe3 Re8xe3
18.Qd1d2 Qd8e7
19.Ra1e1 Re3xe1
20.Rf1xe1 Bb6xd4
21.Kf1 Bd4xc3
22.bxc3 Qe7d7
23.c4 b6
24.Kg1 Ra8e8
25.Re1xe8 Qd7xe8
26.h4 Qe8a4
27.Qd2c3 Nf6d7
28.Bg2f1 Nd7e5
29.Kg2 Qa4d1
30.Qc3e3 Qd1c2
31.Kh3 Qc2f5
32.Kg2 Kf8
33.Bf1e2 h5
34.Qe3f2 Qf5xf2
35.Kxf2 g6
36.Ke3 Ke7
37.Ke4 Kd7
38.Kd4 Ke7
39.Ke4 f5
40.Kf4 Kd7
41.Ke3 c6
42.dxc6 Kxc6
43.Kd4 Ne5d7
44.Be2f3 Kc7
45.Bf3d5 Nd7f6
46.Bd5f7 Nf6e4
47.Bf7xg6 Ne4xg3
48.Ke3 Kc6
 { time }
0-1

[Event "Tourn. n8943"]
[Site "www.chess-mail.com"]
[Date "2016.09.17"]
[Round "1"]
[White "4m6az"]
[Black "Picifarkinca"]
[WhiteElo "1809"]
[BlackElo "2020"]
[Result "1-0"]
[Round "1"]
1.d4 Ng8f6
2.c4 e6
3.Bc1g5 Bf8e7
4.Nb1c3 d5
5.c5 O-O
6.Qd1c2 h6
7.Bg5h4 c6
8.f3 Nb8d7
9.e4 dxe4
10.fxe4 Rf8e8
11.Bf1e2 b6
12.e5 Nf6d5
13.Bh4xe7 Qd8xe7
14.cxb6 axb6
15.Be2f3 Bc8b7
16.Nc3xd5 cxd5
17.Ng1e2 Re8c8
18.Qc2d2 Rc8c4
19.Ra1c1 Ra8c8
20.Rc1xc4 Rc8xc4
21.b3 Rc4c8
22.O-O Bb7a6
23.a4 Qe7a3
24.Bf3h5 Rc8f8
25.Rf1f3 Qa3xb3
26.Rf3xb3 Ba6c4
27.Rb3g3 { resign }
1-0

[Event "Tourn. n8896"]
[Site "www.chess-mail.com"]
[Date "2016.09.17"]
[Round "1"]
[White "Wegaman"]
[Black "Picifarkinca"]
[WhiteElo "1880"]
[BlackElo "1920"]
[Result "1-0"]
[Round "1"]
1.d4 Ng8f6
2.c4 e5
3.d5 Bf8c5
4.h3 d6
5.Nb1c3 h6
6.Ng1f3 O-O
7.e4 Nb8d7
8.Bf1e2 Bc5b4
9.Qd1c2 Bb4xc3
10.bxc3 Nd7c5
11.Nf3d2 Bc8d7
12.O-O Bd7a4
13.Qc2b1 b6
14.f3 Nf6h5
15.Nd2b3 Ra8b8
16.Bc1e3 Nh5g3
17.Rf1e1 f5
18.Be2d1 fxe4
19.Be3xc5 bxc5
20.fxe4 Qd8g5
21.Qb1d3 Ba4d7
22.Kh2 Ng3h5
23.Bd1xh5 Qg5xh5
24.Nb3a5 Rb8b2
25.Na5c6 Bd7xc6
26.dxc6 Rf8f2
27.Re1g1 Rb2d2
28.Qd3g3 Qh5f7
29.Ra1b1 Rd2xa2
30.Rb1b8 Kh7
31.Rb8c8 Rf2f3
32.Qg3g4 Qf7f4
33.Qg4xf4 Rf3xf4
34.Rc8xc7 Rf4xe4
35.Rc7xg7 Kxg7
36.c7 Re4xc4
37.c8Q Rc4xc3
38.Qc8d7 { resign }
1-0

[Event "Tourn. n8894"]
[Site "www.chess-mail.com"]
[Date "2016.09.17"]
[Round "1"]
[White "Egdiogel"]
[Black "Julian"]
[WhiteElo "2189"]
[BlackElo "2100"]
[Result "1-0"]
[Round "1"]
1.e4 c5
2.g3 d6
3.Bf1g2 Nb8c6
4.Ng1e2 e6
5.O-O g6
6.c3 Bf8g7
7.d4 cxd4
8.cxd4 Ng8e7
9.Nb1c3 O-O
10.Bc1e3 e5
11.d5 Nc6b8
12.Ra1c1 a6
13.Qd1d2 Nb8d7
14.Be3h6 f5
15.Bh6xg7 Kxg7
16.f3 b5
17.b4 Qd8b6
18.Kh1 fxe4
19.fxe4 Nd7f6
20.h3 Ne7g8
21.Ne2g1 Bc8d7
22.Rc1c2 Ra8c8
23.Rf1c1 Nf6h5
24.Kh2 Qb6d4
25.a3 Ng8h6
26.Ng1f3 Rf8xf3
27.Bg2xf3 Qd4xd2
28.Rc2xd2 Nh5f6
29.Rd2c2 Nh6f7
30.Nc3d1 Rc8xc2
31.Rc1xc2 h5
32.Nd1f2 g5
33.g4 hxg4
34.Nf2xg4 Nf6xg4
35.Bf3xg4 Bd7xg4
36.hxg4 { resign }
1-0

[Event "Tourn. n8963"]
[Site "www.chess-mail.com"]
[Date "2016.09.17"]
[Round "1"]
[White "Guidom"]
[Black "Malbertan"]
[WhiteElo "2030"]
[BlackElo "2020"]
[Result "1/2-1/2"]
[Round "1"]
1.e4 b6
2.d4 Bc8b7
3.d5 f5
4.e5 g6
5.c4 Bf8g7
6.Ng1f3 e6
7.Nb1c3 Ng8e7
8.Bc1g5 h6
9.Bg5xe7 Qd8xe7
10.Qd1e2 O-O
11.O-O-O a5
12.d6 cxd6
13.Rd1xd6 Nb8c6
14.Qe2d2 Rf8d8
15.Nc3b5 Nc6xe5
16.Nf3xe5 Bg7xe5
17.Rd6xb6 Bb7c6
18.Qd2xh6 Qe7f6
19.Qh6d2 Rd8c8
20.Kb1 { draw }
1/2-1/2

[Event "Tourn. n8903"]
[Site "www.chess-mail.com"]
[Date "2016.09.17"]
[Round "1"]
[White "Ison"]
[Black "Ztornad"]
[WhiteElo "1780"]
[BlackElo "1790"]
[Result "0-1"]
[Round "1"]
1.e4 e5
2.Ng1f3 d6
3.d4 exd4
4.Nf3xd4 d5
5.exd5 Qd8xd5
6.Nb1c3 Qd5e5
7.Bf1e2 Bf8c5
8.Bc1e3 Bc5b6
9.O-O Nb8d7
10.Rf1e1 Ng8e7
11.Nd4f3 Qe5d6
12.Be3xb6 axb6
13.Qd1xd6 cxd6
14.Ra1d1 O-O
15.Rd1xd6 Ne7f5
16.Rd6d5 Nf5e7
17.Rd5b5 Ra8a5
18.Re1d1 Nd7c5
19.Rb5xb6 Ne7f5
20.b4 Nc5a4
21.Rb6b5 Ra5xb5
22.Nc3xb5 b6
23.Nb5d6 Bc8e6
24.a3 Na4c3
25.Rd1d2 Nc3xe2
{ resign }
0-1

[Event "Tourn. n8918"]
[Site "www.chess-mail.com"]
[Date "2016.09.17"]
[Round "1"]
[White "B0zata"]
[Black "Bevittsmith"]
[WhiteElo "2290"]
[BlackElo "2250"]
[Result "0-1"]
[Round "1"]
1.c4 e5
2.d4 exd4
3.Qd1xd4 Nb8c6
4.Qd4e4 Qd8e7
5.Qe4xe7 Bf8xe7
6.a3 Ng8f6
7.Ng1f3 d5
8.cxd5 Nf6xd5
9.e3 Be7f6
10.Bf1b5 Bc8d7
11.O-O a6
12.Bb5xc6 Bd7xc6
13.Nb1d2 Nd5e7
14.Nd2b3 Bc6xf3
15.gxf3 O-O-O
16.Nb3c5 g6
17.Ra1a2 Rd8d5
18.Nc5e4 Bf6g7
19.b4 Rh8d8
20.Ra2d2 Rd5xd2
21.Ne4xd2 Ne7c6
22.Rf1d1 Nc6e5
23.f4 Ne5d3
24.Nd2c4 b5
25.Nc4e5 Nd3xe5
26.Rd1xd8 Kxd8
27.fxe5 Bg7xe5
28.f4 Be5c3
29.Kf2 Kd7
30.e4 Bc3d4
31.Ke2 c5
32.Kd3 Kc6
33.h3 Bd4f2
34.Bc1d2 c4
35.Kc3 Bf2b6
36.Bd2c1 a5
37.Bc1d2 axb4
38.axb4 Kd6
39.Bd2c1 Ke6
40.Bc1d2 Bb6f2
41.Kc2 Bf2d4
42.Bd2e1 Kf6
43.Be1h4 Ke6
44.Bh4e1 Bd4e3
45.Be1g3 g5
46.f5 Kf6
47.Kc3 h5
48.Bg3c7 g4
49.hxg4 hxg4
50.Bc7g3 Kg5
51.Kc2 Be3f4
52.Bg3f2 g3
53.Bf2g1 Bf4d6
54.Kc3 Bd6e5
55.Kc2 Kf4
56.Kd2 Kxe4
57.f6 Be5d4
58.Bg1xd4 Kxd4
59.Ke2 c3
{ resign }
0-1

[Event "Match"]
[Site "www.echecsemail.com"]
[Date "2016.09.17"]
[Round "1"]
[White "Pellix84"]
[Black "Sonny1000"]
[WhiteElo "1950"]
[BlackElo "1410"]
[Result "1-0"]
[Round "1"]
1.d4 Ng8f6
2.Ng1f3 Nb8c6
3.e3 Nf6e4
4.Bf1d3 f5
5.Nb1c3 Ne4xc3
6.bxc3 h6
7.Bd3xf5 e6
8.Bf5g6 Ke7
9.Bc1a3 Kf6
10.Nf3h4 Bf8xa3
11.Qd1f3 Ke7
12.Qf3f7 Kd6
13.Qf7xg7 Rh8g8
14.Qg7xh6 Qd8f6
15.O-O Rg8h8
16.Nh4f5 exf5
17.Qh6f4 Kd5
18.e4 Kc4
19.Bg6xf5 Nc6e7
20.Qf4g3 Ne7xf5
21.Qg3d3 
1-0

[Event "Match"]
[Site "www.echecsemail.com"]
[Date "2016.09.17"]
[Round "1"]
[White "Ericleo1980"]
[Black "Heiserman"]
[WhiteElo "2130"]
[BlackElo "2360"]
[Result "1-0"]
[Round "1"]
1.e4 c6
2.d4 d5
3.Nb1c3 dxe4
4.Nc3xe4 Bc8f5
5.Ne4g3 Bf5g6
6.h4 h6
7.Ng1f3 Nb8d7
8.h5 Bg6h7
9.Bf1d3 Bh7xd3
10.Qd1xd3 e6
11.Bc1f4 Qd8a5
12.c3 Ng8f6
13.Bf4d2 Bf8d6
14.c4 Qa5a6
15.a3 Bd6xg3
16.fxg3 c5
17.Bd2c3 cxd4
18.Bc3xd4 O-O
19.g4 e5
20.Bd4c3 e4
21.Qd3d4 exf3
22.O-O-O  { time }
1-0

[Event "Match"]
[Site "www.echecsemail.com"]
[Date "2016.09.17"]
[Round "1"]
[White "Pellix84"]
[Black "Africanlion1"]
[WhiteElo "1950"]
[BlackElo "1099"]
[Result "1-0"]
[Round "1"]
1.d4 Ng8f6
2.Ng1f3 e6
3.c4 Bf8b4
4.Nb1d2 c5
5.a3 Bb4xd2
6.Qd1xd2 cxd4
7.Qd2xd4  { time }
1-0

[Event "Match"]
[Site "www.echecsemail.com"]
[Date "2016.09.17"]
[Round "1"]
[White "Ditto"]
[Black "4m6az"]
[WhiteElo "1850"]
[BlackElo "1809"]
[Result "0-1"]
[Round "1"]
1.e4 c5
2.Bf1c4 e6
3.d3 Nb8c6
4.Bc1f4 d6
5.Ng1f3 a6
6.Nb1c3 b5
7.Bc4b3 Bf8e7
8.O-O Bc8d7
9.a3 g5
10.Bf4e3 h6
11.Nf3d2 Qd8b8
12.Qd1f3 Ng8f6
13.Qf3e2 e5
14.Nd2f3 Nc6d4
15.Qe2d1 Nd4xf3
16.Qd1xf3 Bd7g4
17.Qf3g3 h5
18.f3 h4
19.Qg3e1 Bg4d7
20.Be3xg5 Qb8b6
21.Kh1 Rh8h5
22.Bg5xh4 O-O-O
23.Bh4f2 Rd8h8
24.h3 Bd7xh3
25.Bf2g3 Bh3d7
26.Kg1 c4
{ resign }
0-1

[Event "Match"]
[Site "www.echecsemail.com"]
[Date "2016.09.17"]
[Round "1"]
[White "Jhzes"]
[Black "Wagner"]
[WhiteElo "2020"]
[BlackElo "1780"]
[Result "0-1"]
[Round "1"]
1.Ng1f3 d5
2.d4 h6
3.Bc1f4 Nb8c6
4.e3 g5
5.Bf4g3 Bc8g4
6.Bf1e2 a6
7.Nf3e5 f5
8.Ne5g6 Bf8g7
9.Ng6xh8 Bg7xh8
10.Be2xg4 fxg4
11.Qd1xg4 Ng8f6
12.Qg4f5 Kf7
13.Nb1c3 e6
14.Qf5h3 Bh8g7
15.f3 Qd8d7
16.a3 b5
17.O-O Ra8e8
18.f4 g4
19.Qh3h4 a5
20.Nc3xb5 Re8b8
21.a4 h5
22.f5 exf5
23.Bg3xc7 Rb8xb5
24.axb5 Nc6b4
25.Bc7xa5 Nb4xc2
26.Ra1c1 Nc2xe3
27.Rc1c7 Qd7xc7
28.Ba5xc7 Ke6
 { time }
0-1

[Event "Match"]
[Site "www.echecsemail.com"]
[Date "2016.09.17"]
[Round "1"]
[White "Nulladies"]
[Black "Ladyuzbetova"]
[WhiteElo "1850"]
[BlackElo "1699"]
[Result "1-0"]
[Round "1"]
1.d4 d5
2.Bc1f4 e6
3.Ng1f3 Ng8f6
4.e3 c5
5.c3 a6
6.Nf3e5 Nb8d7
7.Nb1d2 Bf8e7
8.Nd2f3 O-O
9.Bf1d3 c4
10.Bd3c2 Nd7xe5
11.dxe5  { time }
1-0

[Event "Match"]
[Site "www.echecsemail.com"]
[Date "2016.09.17"]
[Round "1"]
[White "Jjmcbride"]
[Black "Coraza8091"]
[WhiteElo "1350"]
[BlackElo "1650"]
[Result "1-0"]
[Round "1"]
1.d3 e5
2.Ng1f3 Nb8c6
3.d4 e4
4.Nf3g5 d5
5.f3 exf3
6.exf3 Qd8e7
7.Bf1e2 Bc8e6
8.f4 Be6f5
9.O-O  { time }
1-0

[Event "Match"]
[Site "www.echecsemail.com"]
[Date "2016.09.17"]
[Round "1"]
[White "Iko"]
[Black "Sonny1000"]
[WhiteElo "1620"]
[BlackElo "1440"]
[Result "1-0"]
[Round "1"]
1.e4 e5
2.Ng1f3 Qd8e7
3.d4 d6
4.d5 Ng8f6
5.Bf1b5 Bc8d7
6.Bb5xd7 Qe7xd7
7.Qd1d3 b5
8.O-O Nf6xe4
9.Qd3xe4 c5
10.Nb1a3 f6
11.c4 a6
12.cxb5 axb5
13.Bc1e3 g6
14.Ra1c1 Rh8g8
15.Rc1d1 Ra8a4
16.Qe4c2 c4
17.b3 Ra4xa3
18.Qc2b2 Ra3a5
19.bxc4 e4
20.Nf3d4 bxc4
21.Qb2xb8 Ke7
22.Rd1b1 Ra5xa2
23.Rb1b7 { resign }
1-0

[Event "Match"]
[Site "www.echecsemail.com"]
[Date "2016.09.17"]
[Round "1"]
[White "Sonny1000"]
[Black "Pariolinius"]
[WhiteElo "1420"]
[BlackElo "1810"]
[Result "0-1"]
[Round "1"]
1.e4 c5
2.c4 Nb8c6
3.Ng1f3 d6
4.Qd1b3 Ng8f6
5.Qb3b5 Nf6xe4
6.d4 a6
7.Qb5b3 Nc6a5
8.dxc5 Na5xb3
9.Bc1g5 Nb3xa1
10.Kd1 Ne4xf2
11.Ke2 Nf2xh1
12.Nb1d2 Na1c2
13.Bg5f4 e5
14.Kd3 exf4
15.Kxc2 Nh1f2
16.cxd6 Bf8xd6
17.h3 O-O
18.c5 Bd6xc5
{ resign }
0-1

[Event "Match"]
[Site "www.echecsemail.com"]
[Date "2016.09.17"]
[Round "1"]
[White "Janerol"]
[Black "Ryukaynon"]
[WhiteElo "1390"]
[BlackElo "999"]
[Result "1-0"]
[Round "1"]
1.e4 c5
2.c4 Nb8c6
3.Nb1c3 g6
4.Ng1f3 Bf8g7
5.b3 f5
6.exf5 d6
7.fxg6 hxg6
8.Nc3d5  { time }
1-0

[Event "Match"]
[Site "www.echecsemail.com"]
[Date "2016.09.17"]
[Round "1"]
[White "Cal"]
[Black "Sonny1000"]
[WhiteElo "1720"]
[BlackElo "1420"]
[Result "1-0"]
[Round "1"]
1.c4 c5
2.Nb1c3 Ng8f6
3.h3 Nb8c6
4.Ng1f3 Nc6d4
5.e3 Nd4xf3
6.Qd1xf3 Ra8b8
7.d3 e5
8.e4 h6
9.a3 a5
10.b3 g5
11.Bf1e2 Qd8b6
12.Ra1b1 Bf8g7
13.O-O a4
14.Nc3xa4 h5
15.Na4xb6 Rh8g8
16.Bc1xg5 Nf6g4
17.hxg4 h4
18.Nb6d5 Rb8a8
19.Nd5c7 Kf8
20.a4 Ra8a5
21.Nc7d5 Ke8
22.Bg5xh4 b6
23.Qf3f5 Ra5a7
24.Nd5xb6 Bc8a6
25.Nb6d5 Rg8h8
26.Bh4f6 Bg7xf6
27.Nd5xf6 Kf8
28.Qf5xe5 { resign }
1-0

[Event "Fast Game"]
[Site "www.echecsemail.com"]
[Date "2016.09.17"]
[Round "1"]
[White "Attatroll"]
[Black "Hennie4820"]
[WhiteElo "1850"]
[BlackElo "1700"]
[Result "1-0"]
[Round "1"]
1.e4 c5
2.Nb1c3 Nb8c6
3.g4 g6
4.Bf1g2 Bf8g7
5.d3 e6
6.h3 Ng8e7
7.Nc3e2 O-O
8.c3 b6
9.Ng1f3 Bc8b7
10.O-O d5
11.Bc1g5 f6
12.Bg5h4 Qd8d7
13.exd5 exd5
14.Kh1 Ra8d8
15.Rf1e1 f5
16.Nf3g5 fxg4
17.Ne2f4 gxh3
18.Bg2xh3 Ne7f5
19.Ng5e6 Nf5xh4
20.Ne6xf8 { resign }
1-0

[Event "Tourn. n8963"]
[Site "www.chess-mail.com"]
[Date "2016.09.18"]
[Round "1"]
[White "Libiesse"]
[Black "Bojan"]
[WhiteElo "1930"]
[BlackElo "1930"]
[Result "1-0"]
[Round "1"]
1.d4 d5
2.c4 dxc4
3.Nb1c3 Bc8d7
4.Ng1f3 c6
5.a3 e6
6.Bc1f4 h6
7.Qd1a4 b5
8.Qa4c2 Ng8f6
9.h3 Qd8a5
10.Bf4d2 b4
11.Nc3a2 Nb8a6
12.Qc2xc4 Ra8b8
13.e3 Nf6e4
14.Qc4xa6 Qa5xa6
15.Bf1xa6 bxa3
16.Ba6d3 Ne4xd2
17.Kxd2 Rb8xb2
18.Bd3c2 c5
19.Rh1b1 cxd4
20.Nf3xd4 Bf8d6
21.Rb1xb2 axb2
22.Ra1b1 e5
23.Nd4b3 Bd6a3
24.Nb3a5 Bd7b5
25.Na2c3 Bb5f1
26.Bc2a4 Ke7
27.Rb1xf1 f5
28.Na5c4 Rh8d8
29.Kc2 Ba3c5
30.Nc4xb2 Rd8c8
31.Rf1d1 Bc5b4
32.Rd1d7 Kf6
33.Nb2d1 a5
34.h4 Rc8c4
35.Kb3 Rc4xh4
36.Nc3d5 Ke6
37.Nd5c7 Kf6
38.Nc7e8 Kg6
39.Rd7xg7 Kh5
40.Ne8f6 { resign }
1-0

[Event "Tourn. n8920"]
[Site "www.chess-mail.com"]
[Date "2016.09.18"]
[Round "1"]
[White "Jhzes"]
[Black "Ztornad"]
[WhiteElo "1950"]
[BlackElo "1820"]
[Result "0-1"]
[Round "1"]
1.e4 e5
2.Ng1f3 d6
3.d4 exd4
4.Nf3xd4 a6
5.c4 Bc8d7
6.Bf1d3 Qd8f6
7.Nd4f3 Nb8c6
8.Nb1c3 Nc6d4
9.Nf3xd4 Qf6xd4
10.Bc1e3 Qd4e5
11.f4 Qe5f6
12.Nc3d5 Qf6d8
13.b3 Ng8f6
 { time }
0-1

[Event "Tourn. n8951"]
[Site "www.chess-mail.com"]
[Date "2016.09.18"]
[Round "1"]
[White "Attatroll"]
[Black "Nulladies"]
[WhiteElo "1840"]
[BlackElo "1860"]
[Result "1-0"]
[Round "1"]
1.e4 c5
2.Nb1c3 Nb8c6
3.g4 g6
4.Bf1g2 Bf8g7
5.h3 Nc6d4
6.Ng1f3 e6
7.d3 Ng8e7
8.Bc1e3 Ne7c6
9.O-O O-O
10.Nf3xd4 cxd4
11.Nc3b5 dxe3
12.fxe3 Bg7h6
13.Qd1e2 a6
14.Nb5d6 Qd8b6
15.Nd6c4 Qb6c5
16.c3 b5
17.Nc4a3 Bh6xe3
18.Kh1 Bc8b7
19.d4 Be3xd4
20.cxd4 Nc6xd4
21.Qe2e3 Nd4b3
22.Qe3xb3 d5
23.Ra1c1 Qc5d6
24.exd5 Bb7xd5
25.Bg2xd5 Qd6xd5
26.Qb3xd5 exd5
27.Na3c2 Rf8d8
28.Nc2d4 Ra8a7
29.Nd4c6 { resign }
1-0

[Event "Tourn. n8757"]
[Site "www.chess-mail.com"]
[Date "2016.09.18"]
[Round "1"]
[White "Marbachess"]
[Black "Ejner"]
[WhiteElo "2530"]
[BlackElo "2390"]
[Result "1-0"]
[Round "1"]
1.f4 d5
2.b3 Bc8g4
3.h3 Bg4h5
4.g4 e5
5.Rh1h2 Qd8h4
6.Rh2f2 Ng8f6
7.Ng1f3 Qh4g3
8.e3 Bh5xg4
9.hxg4 Nf6xg4
10.Qd1e2 e4
11.Nf3d4 g6
12.Nd4b5 Nb8a6
13.Bc1b2 Rh8g8
14.Nb1c3 c6
15.Nc3d1 Bf8e7
16.Nb5d4 Na6c5
17.a4 Be7h4
18.b4 Nc5e6
19.d3 Ng4xf2
20.Nd1xf2 Ne6xf4
21.exf4 e3
22.Nd4f3 Qg3xf2
23.Qe2xf2 exf2
24.Ke2 Bh4e7
25.b5 cxb5
26.axb5 a5
27.Bf1g2 Ra8c8
28.Nf3d4 Be7f6
29.Bg2xd5 Bf6xd4
30.Bb2xd4 Rc8xc2
31.Kf1 g5
32.Bd5xb7 gxf4
33.Bd4xf2 Kd7
34.Bb7c6 Kd6
35.Ra1xa5 Rg8g5
36.Ra5a6 Rc2b2
37.d4 f3
38.Bf2e3 Rb2b1
39.Kf2 Rb1b2
40.Kxf3 Rb2b3
41.Ke4 f5
42.Kf4 Rg5g8
43.Bc6f3 { resign }
1-0

[Event "Match"]
[Site "www.echecsemail.com"]
[Date "2016.09.18"]
[Round "1"]
[White "Bojan"]
[Black "Mitja"]
[WhiteElo "1910"]
[BlackElo "1940"]
[Result "1-0"]
[Round "1"]
1.b4 d5
2.Bc1b2 e6
3.a3 c6
4.e3 Ng8f6
5.Ng1f3 Nb8d7
6.c4 dxc4
7.Bf1xc4 Nd7b6
8.Bc4b3 Bf8e7
9.d3 Nb6d5
10.Nb1c3 Nd5xc3
11.Bb2xc3 O-O
12.Nf3g5 h6
13.Ng5f3 Nf6d5
14.Bc3b2 Be7h4
15.e4 Nd5b6
16.Qd1e2 Bh4f6
17.d4 Qd8e7
18.O-O Bc8d7
19.g3 Ra8d8
20.e5 Bf6g5
21.h4 Bg5xh4
22.Nf3xh4 Nb6d5
23.Qe2g4 Bd7e8
24.Bb2c1 Kh8
25.Bb3c2 f5
26.Qg4h3 Be8f7
27.g4 Kg8
28.gxf5 exf5
29.Nh4xf5 Qe7e6
30.Nf5xh6 gxh6
31.Bc2f5 Qe6e7
32.Qh3xh6 Bf7e8
33.Kh1 Rf8xf5
34.Rf1g1 Kf7
35.Rg1g7 Kf8
36.Qh6h8 { resign }
1-0

[Event "Match"]
[Site "www.echecsemail.com"]
[Date "2016.09.18"]
[Round "1"]
[White "Mdesouza"]
[Black "4m6az"]
[WhiteElo "2340"]
[BlackElo "1809"]
[Result "1-0"]
[Round "1"]
1.e4 c5
2.Ng1f3 Ng8f6
3.Nb1c3 e6
4.d4 d5
5.e5 Nf6e4
6.Bf1d3 Ne4xc3
7.bxc3 c4
8.Bd3e2 g6
9.Bc1g5 Bf8e7
10.Bg5h6 Be7a3
11.Qd1d2 Qd8a5
12.O-O Ba3b2
13.Ra1d1 Bb2xc3
14.Qd2f4 Nb8c6
15.Be2xc4 dxc4
16.Nf3g5 Qa5c7
17.Ng5e4 Nc6xe5
18.Bh6g7 Ne5f3
19.Qf4xf3 Rh8g8
20.Ne4f6 Ke7
21.Nf6xg8 Kd8
22.Qf3xc3 { resign }
1-0

[Event "Match"]
[Site "www.echecsemail.com"]
[Date "2016.09.18"]
[Round "1"]
[White "Osvalazo"]
[Black "Llord"]
[WhiteElo "1690"]
[BlackElo "1910"]
[Result "1-0"]
[Round "1"]
1.e4 Nb8c6
2.Bf1c4 e5
3.Qd1f3 Ng8f6
4.Qf3b3 Qd8e7
5.Ng1f3 b6
6.Nf3g5 d5
7.exd5 Nc6a5
8.Qb3a4 Bc8d7
9.Bc4b5 Bd7xb5
10.Qa4xb5 Nf6d7
11.d3 a6
12.Qb5a4 O-O-O
13.Qa4e4 Kb8
14.Qe4f3 Nd7c5
15.b4 Nc5xd3
16.cxd3 h6
17.Ng5xf7 Rd8xd5
18.Qf3xd5 Qe7xb4
19.Bc1d2 Qb4b2
20.O-O Rh8h7
21.Nb1c3 Qb2xd2
22.Qd5d8 Kb7
23.Nc3d5 Qd2c2
24.Ra1c1 Qc2xd3
25.Qd8xc7 Ka8
26.Nd5xb6 { resign }
1-0

[Event "Match"]
[Site "www.echecsemail.com"]
[Date "2016.09.18"]
[Round "1"]
[White "Orae"]
[Black "Billyg"]
[WhiteElo "1810"]
[BlackElo "1570"]
[Result "1-0"]
[Round "1"]
1.e4 e6
2.Ng1f3 Qd8e7
3.Nb1c3 f5
4.Bf1c4 Ng8f6
5.d4 Qe7b4
6.Bc4b3 fxe4
7.Nf3e5 d6
8.a3 Qb4a5
9.Ne5c4 Qa5a6
10.O-O d5
11.Nc4e5 Nb8d7
12.Bc1g5 Nd7xe5
13.dxe5 Nf6d7
14.Bb3a4 h6
15.Qd1h5 { resign }
1-0

[Event "Match"]
[Site "www.echecsemail.com"]
[Date "2016.09.18"]
[Round "1"]
[White "Fbeley"]
[Black "Jhzes"]
[WhiteElo "2020"]
[BlackElo "1930"]
[Result "1-0"]
[Round "1"]
1.e4 c5
2.f4 g6
3.Ng1f3 e6
4.Nb1c3 a6
5.d4 b5
6.Bc1e3 c4
7.a3 Bc8b7
8.Bf1e2 Bf8g7
9.O-O Ng8e7
10.b3 cxb3
11.cxb3 Qd8c7
12.Ra1c1 Nb8c6
13.f5 gxf5
14.exf5 Ne7xf5
15.Be3f2 d5
16.Qd1d3 Qc7d6
17.b4 Bg7h6
18.Rc1d1 Bh6g7
19.Qd3c2  { time }
1-0